Nhập môn xử lý ảnh số /
Αποθηκεύτηκε σε:
| Κύριος συγγραφέας: | |
|---|---|
| Άλλοι συγγραφείς: | |
| Μορφή: | Sách giấy |
| Γλώσσα: | Vietnamese |
| Έκδοση: |
H. :
Khoa học Kỹ thuật,
1999.
|
| Έκδοση: | Xuất bản lần thứ hai có sủa chữa bổ sung. |
| Θέματα: | |
| Ετικέτες: |
Προσθήκη ετικέτας
Δεν υπάρχουν, Καταχωρήστε ετικέτα πρώτοι!
|
| Thư viện lưu trữ: | Thư viện Trường Đại học Đà Lạt |
|---|
| LEADER | 00887nam a2200325 4500 | ||
|---|---|---|---|
| 001 | DLU110127362 | ||
| 003 | ##DLU | ||
| 005 | ##20111031 | ||
| 008 | ##021230t vn z000 vie d | ||
| 040 | # | # | |a DLU |b vie |
| 041 | # | # | |a vie |
| 044 | # | # | |a vn |
| 082 | # | # | |a 006.76 |b LU-B |
| 100 | # | # | |a Lương Mạnh Bá. |
| 245 | # | # | |a Nhập môn xử lý ảnh số / |c Lương Mạnh Bá, Nguyễn Thanh Thủy. |
| 250 | # | # | |a Xuất bản lần thứ hai có sủa chữa bổ sung. |
| 260 | # | # | |a H. : |b Khoa học Kỹ thuật, |c 1999. |
| 300 | # | # | |a 345 tr. ; |c 21x30 cm. |
| 650 | # | # | |a Xử lý hình ảnh |x Kỹ thuật số. |
| 700 | # | # | |a Nguyễn Thanh Thủy. |
| 923 | # | # | |a 01/2011CT |
| 992 | # | # | |a 0 |
| 994 | # | # | |a KCT |
| 900 | # | # | |a True |
| 911 | # | # | |a Đào Thị Thu Huyền |
| 925 | # | # | |a G |
| 926 | # | # | |a A |
| 927 | # | # | |a SH |
| 980 | # | # | |a Thư viện Trường Đại học Đà Lạt |